| Tag |
First Indicator |
Second Indicator |
Subfields |
| LEADER |
00000cam a2200000 4500 |
| 001 |
in00000033472 |
| 005 |
20151007061838.0 |
| 008 |
760430s1954 nyua 00010 eng |
| 010 |
|
|
|a 54007752
|
| 035 |
|
|
|a (OCoLC)02148909
|
| 035 |
|
|
|9 AAD3254AM
|
| 040 |
|
|
|a DLC
|c SRS
|d TXA
|d UtOrBLW
|
| 049 |
|
|
|a TXAM
|c [232970]
|
| 050 |
|
0 |
|a GV867
|b .M33
|
| 082 |
0 |
|
|a 796.357
|
| 092 |
|
|
|a 796.357
|b M383h
|
| 100 |
1 |
|
|a Martin, Whitney.
|
| 245 |
1 |
0 |
|a How you can play little league baseball /
|c [by] Whitney Martin and John McCallum.
|
| 264 |
|
1 |
|a New York :
|b Prentice-Hall,
|c 1954.
|
| 300 |
|
|
|a 167 pages :
|b illustrations ;
|c 22 cm.
|
| 336 |
|
|
|a text
|b txt
|2 rdacontent
|
| 337 |
|
|
|a unmediated
|b n
|2 rdamedia
|
| 338 |
|
|
|a volume
|b nc
|2 rdacarrier
|
| 650 |
|
0 |
|a Baseball.
|
| 700 |
1 |
|
|a McCallum, John D.
|q (John Dennis),
|d 1924-1988.
|
| 740 |
0 |
|
|a Little league baseball.
|
| 999 |
|
|
|a MARS
|
| 999 |
f |
f |
|s dacfaddd-ce9c-3a6f-a448-272326c5ce53
|i 64c49f4e-a8fa-3d88-881f-dd844b723111
|t 0
|
| 952 |
f |
f |
|p ric
|a Texas A&M University
|b Rellis Campus
|c Joint Library Facility
|d Remote Storage
|t 0
|e GV867 .M33
|h Library of Congress classification
|i unmediated -- volume
|m A14801185428
|
| 998 |
f |
f |
|a GV867 .M33
|t 0
|l Remote Storage
|